[Event "DVM U16w 2021"]
[Site "Berlin GER"]
[Date "2022.05.02"]
[Round "6"]
[White "Daoud, Shahnaz"]
[Black "Popovidou, Laura"]
[Result "1-0"]
[Termination "normal"]
[Board "8.3"]
[WhiteElo "1367"]
[BlackElo "1090"]
[WhiteTeam "SK Lehrte von 1919 e. V."]
[BlackTeam "Schachgemeinschaft Porz e. V. 2"]
[PlyCount "47"]
[WhiteFideId "16297750"]
[BlackFideId "16255836"]
[EventCountry "GER"]
[EventRounds "7"]
[EventType "team-swiss"]
[EventDate "2022.04.29"]

1. d4 d5 2. c4 e6 3. Nc3 Nf6 4. Bg5 Be7 5. cxd5 exd5 6. e3 O-O 7. Bd3 Re8 8.
Qc2 h6 9. Bh4 Nbd7 10. Nf3 c5 11. dxc5 Nxc5 12. O-O Nxd3 13. Qxd3 Be6 14. Rfd1
g5 15. Bxg5 hxg5 16. Nxg5 Bg4 17. Nxd5 Kh8 18. Nxf7+ Kg7 19. Nxd8 Bxd1 20. Ne6+
Kf7 21. Ng5+ Kg7 22. Nxf6 Bxf6 23. Qh7+ Kf8 24. Qf7# 1-0

[Event "DVM U16w 2021"]
[Site "Berlin GER"]
[Date "2022.05.02"]
[Round "6"]
[White "Kanno, Clara Yumi"]
[Black "Ponomarev, Christina"]
[Result "1-0"]
[Termination "normal"]
[Board "9.1"]
[WhiteElo "1141"]
[BlackElo "1010"]
[WhiteTeam "Schachfreunde Essen-Werden 1924/80 e. V."]
[BlackTeam "SV Aalen-Ellwangen e.V."]
[PlyCount "99"]
[WhiteFideId "16259661"]
[BlackFideId "16284208"]
[EventCountry "GER"]
[EventRounds "7"]
[EventType "team-swiss"]
[EventDate "2022.04.29"]

1. e4 e5 2. Nf3 Nc6 3. Bc4 Be7 4. d3 Nf6 5. O-O O-O 6. c3 d5 7. exd5 Nxd5 8.
Bb5 Bg4 9. Bxc6 bxc6 10. h3 Bh5 11. Re1 Bd6 12. Nbd2 f5 13. Nc4 Bc5 14. Ncxe5
Qf6 15. Nd7 Bxf3 16. Nxf6+ Rxf6 17. Qxf3 Raf8 18. Bg5 Rg6 19. d4 Bd6 20. Bd2 f4
21. Re2 Rgf6 22. Rae1 Kf7 23. c4 Nb6 24. c5 Nd5 25. cxd6 cxd6 26. Re4 Kg8 27.
Re8 a6 28. Rxf8+ Rxf8 29. Re6 Rd8 30. Qa3 Kf7 31. Rxd6 Re8 32. Kf1 a5 33. Qxa5
Rc8 34. Rd8 Rc7 35. Bxf4 Re7 36. Bd6 Re6 37. Qa7+ Kg6 38. Rd7 Kh6 39. Be5 Nf6
40. Bxf6 Rxf6 41. Rxg7 Rg6 42. Rxh7+ Kg5 43. h4+ Kf5 44. Qd7+ Re6 45. Qf7+ Ke4
46. Qxe6+ Kd3 47. Qe3+ Kc4 48. Qc3+ Kd5 49. Rh5+ Ke4 50. Qe3# 1-0

[Event "DVM U16w 2021"]
[Site "Berlin GER"]
[Date "2022.05.02"]
[Round "6"]
[White "Buryak, Taissia"]
[Black "Claussen, Daniela"]
[Result "0-1"]
[Termination "normal"]
[Board "9.4"]
[WhiteElo "961"]
[BlackElo "924"]
[WhiteTeam "SV Aalen-Ellwangen e.V."]
[BlackTeam "Schachfreunde Essen-Werden 1924/80 e. V."]
[PlyCount "90"]
[WhiteFideId "16284194"]
[BlackFideId "16248929"]
[EventCountry "GER"]
[EventRounds "7"]
[EventType "team-swiss"]
[EventDate "2022.04.29"]

1. e4 e6 2. Nf3 b6 3. Bc4 Bb7 4. Nc3 Bb4 5. d3 d5 6. Bb5+ c6 7. a3 Bxc3+ 8.
bxc3 cxb5 9. exd5 Bxd5 10. Bf4 Nf6 11. O-O Nbd7 12. Re1 O-O 13. Rb1 Bc6 14. Nd4
Qc8 15. Bg5 h6 16. Bh4 a6 17. Nf3 Qc7 18. Bg3 Qc8 19. Ne5 Bb7 20. Nxd7 Nxd7 21.
Qg4 Qc6 22. Qe4 Qxe4 23. dxe4 Rac8 24. Rbd1 Rfd8 25. Bh4 g5 26. Bg3 Nf6 27. f4
Nxe4 28. Rd3 Rxd3 29. cxd3 Nxg3 30. hxg3 Rxc3 31. Re3 Rxa3 32. fxg5 hxg5 33.
Kh2 g4 34. Kg1 Ra2 35. Kf1 Bxg2+ 36. Kg1 Bf3 37. d4 Rg2+ 38. Kf1 Rxg3 39. Ke1
Rg2 40. Ra3 a5 41. Rb3 b4 42. Rb1 g3 43. Rc1 Re2+ 44. Kf1 Rh2 45. Kg1 Rh1# 0-1

[Event "DVM U16w 2021"]
[Site "Berlin GER"]
[Date "2022.05.03"]
[Round "7"]
[White "Reich, Elisabeth"]
[Black "Dietz, Kristin"]
[Result "0-1"]
[Termination "normal"]
[Board "1.1"]
[WhiteElo "1490"]
[BlackElo "1707"]
[WhiteClock "01:09:21"]
[BlackClock "00:54:54"]
[WhiteTeam "ATSV Oberkotzau"]
[BlackTeam "USV Halle"]
[PlyCount "108"]
[WhiteFideId "16239776"]
[BlackFideId "12993743"]
[EventCountry "GER"]
[EventRounds "7"]
[EventType "team-swiss"]
[EventDate "2022.04.29"]

1. Nf3 {[%clk 1:30:57]} Nf6 {[%clk 1:30:35]} 2. d3 {[%clk 1:31:18]} d5 {[%clk
1:30:18]} 3. Nbd2 {[%clk 1:31:37]} c5 {[%clk 1:29:35]} 4. e4 {[%clk 1:31:53]}
Nc6 {[%clk 1:29:07]} 5. g3 {[%clk 1:32:07]} e5 {[%clk 1:28:46]} 6. Bg2 {[%clk
1:32:28]} Be6 {[%clk 1:26:51]} 7. a4 {[%clk 1:32:43]} d4 {[%clk 1:24:42]} 8. b3
{[%clk 1:32:19]} Bd6 {[%clk 1:23:32]} 9. Nc4 {[%clk 1:32:03]} Bc7 {[%clk
1:21:52]} 10. O-O {[%clk 1:32:13]} O-O {[%clk 1:14:31]} 11. Ng5 {[%clk
1:29:06]} Bg4 {[%clk 1:10:48]} 12. f3 {[%clk 1:29:07]} Bh5 {[%clk 1:10:44]} 13.
g4 {[%clk 1:29:02]} Bg6 {[%clk 1:11:10]} 14. h4 {[%clk 1:28:12]} h5 {[%clk
1:11:22]} 15. Nh3 {[%clk 1:26:59]} Nd7 {[%clk 1:05:09]} 16. Qe1 {[%clk
1:25:18]} f6 {[%clk 1:04:11]} 17. Qg3 {[%clk 1:22:39]} a6 {[%clk 1:00:17]} 18.
Bd2 {[%clk 1:19:44]} b5 {[%clk 0:56:54]} 19. axb5 {[%clk 1:19:53]} axb5 {[%clk
0:57:19]} 20. Nb2 {[%clk 1:18:35]} Ba5 {[%clk 0:56:20]} 21. Bh6 {[%clk
1:12:48]} Qe7 {[%clk 0:55:24]} 22. gxh5 {[%clk 1:11:21]} Bxh5 {[%clk 0:55:41]}
23. Bc1 {[%clk 1:09:26]} Be1 {[%clk 0:52:45]} 24. Rxe1 {[%clk 1:09:10]} Rxa1
{[%clk 0:53:08]} 25. f4 {[%clk 1:09:12]} Nb4 {[%clk 0:52:06]} 26. Qf2 {[%clk
1:08:24]} Rfa8 {[%clk 0:46:44]} 27. fxe5 {[%clk 1:05:53]} fxe5 {[%clk 0:46:23]}
28. Bg5 {[%clk 1:06:07]} Qf7 {[%clk 0:46:19]} 29. Qxf7+ {[%clk 1:04:55]} Kxf7
{[%clk 0:46:41]} 30. Kf2 {[%clk 1:04:16]} Rxe1 {[%clk 0:47:04]} 31. Kxe1 {[%clk
1:04:43]} Nxc2+ {[%clk 0:47:25]} 32. Kd2 {[%clk 1:04:53]} Na1 {[%clk 0:47:46]}
33. Kc1 {[%clk 1:05:06]} Nxb3+ {[%clk 0:50:05]} 34. Kb1 {[%clk 1:05:21]} Na5
{[%clk 0:49:29]} 35. Bd2 {[%clk 1:05:34]} Be2 {[%clk 0:49:12]} 36. Ng5+ {[%clk
1:05:41]} Ke7 {[%clk 0:49:24]} 37. Nh3 {[%clk 1:05:48]} c4 {[%clk 0:49:46]} 38.
Bb4+ {[%clk 1:05:47]} Kf6 {[%clk 0:50:02]} 39. Nf4 {[%clk 1:05:50]} exf4 {[%clk
0:50:24]} 40. e5+ {[%clk 1:06:11]} Nxe5 {[%clk 0:50:45]} 41. Bxa8 {[%clk
1:06:29]} Nac6 {[%clk 0:50:53]} 42. Be1 {[%clk 1:06:37]} c3 {[%clk 0:51:06]}
43. Nd1 {[%clk 1:06:49]} Bxd1 {[%clk 0:51:29]} 44. h5 {[%clk 1:07:06]} Be2
{[%clk 0:51:45]} 45. h6 {[%clk 1:07:26]} Bxd3+ {[%clk 0:52:08]} 46. Kc1 {[%clk
1:07:45]} gxh6 {[%clk 0:52:36]} 47. Bxc6 {[%clk 1:08:03]} Nxc6 {[%clk 0:52:37]}
48. Bh4+ {[%clk 1:08:11]} Kf5 {[%clk 0:53:03]} 49. Bf2 {[%clk 1:08:23]} b4
{[%clk 0:53:19]} 50. Be1 {[%clk 1:08:17]} b3 {[%clk 0:53:43]} 51. Bd2 {[%clk
1:08:14]} b2+ {[%clk 0:54:02]} 52. Kd1 {[%clk 1:08:35]} b1=Q+ {[%clk 0:54:27]}
53. Bc1 {[%clk 1:08:58]} Qc2+ {[%clk 0:54:54]} 54. Ke1 {[%clk 1:09:21]} Qe2#
0-1

[Event "DVM U16w 2021"]
[Site "Berlin GER"]
[Date "2022.05.03"]
[Round "7"]
[White "Voigt, Anastasia"]
[Black "Hergenröder, Cora"]
[Result "1-0"]
[Termination "normal"]
[Board "1.2"]
[WhiteElo "1630"]
[BlackElo "1437"]
[WhiteClock "00:37:05"]
[BlackClock "00:06:54"]
[WhiteTeam "USV Halle"]
[BlackTeam "ATSV Oberkotzau"]
[PlyCount "83"]
[WhiteFideId "16235223"]
[BlackFideId "34603700"]
[EventCountry "GER"]
[EventRounds "7"]
[EventType "team-swiss"]
[EventDate "2022.04.29"]

1. e4 {[%clk 1:30:58]} c6 {[%clk 1:30:55]} 2. d4 {[%clk 1:31:25]} d5 {[%clk
1:31:20]} 3. Nd2 {[%clk 1:31:49]} dxe4 {[%clk 1:31:41]} 4. Nxe4 {[%clk
1:32:14]} Nf6 {[%clk 1:32:06]} 5. Nxf6+ {[%clk 1:32:37]} exf6 {[%clk 1:32:28]}
6. c3 {[%clk 1:33:02]} Bd6 {[%clk 1:32:40]} 7. Bd3 {[%clk 1:33:27]} O-O {[%clk
1:32:58]} 8. Qc2 {[%clk 1:33:55]} Re8+ {[%clk 1:32:36]} 9. Ne2 {[%clk 1:34:19]}
h6 {[%clk 1:32:55]} 10. Be3 {[%clk 1:34:32]} Be6 {[%clk 1:32:55]} 11. c4 {[%clk
1:24:20]} Nd7 {[%clk 1:29:45]} 12. Nc3 {[%clk 1:20:04]} Rc8 {[%clk 1:29:16]}
13. O-O-O {[%clk 1:17:53]} Nf8 {[%clk 1:26:54]} 14. Kb1 {[%clk 1:18:03]} Bb8
{[%clk 1:17:35]} 15. h3 {[%clk 1:08:17]} Re7 {[%clk 1:07:42]} 16. g4 {[%clk
1:05:14]} Qe8 {[%clk 0:52:53]} 17. Rhe1 {[%clk 0:49:52]} Bd7 {[%clk 0:51:22]}
18. Ne4 {[%clk 0:46:20]} Kh8 {[%clk 0:41:02]} 19. c5 {[%clk 0:43:56]} Bc7
{[%clk 0:30:24]} 20. Nd6 {[%clk 0:42:30]} Bxd6 {[%clk 0:30:22]} 21. cxd6 {[%clk
0:42:30]} Re6 {[%clk 0:30:33]} 22. Bf5 {[%clk 0:42:13]} Rxd6 {[%clk 0:29:03]}
23. Bf4 {[%clk 0:42:29]} Bxf5 {[%clk 0:28:48]} 24. gxf5 {[%clk 0:42:54]} Qd7
{[%clk 0:28:24]} 25. Bxd6 {[%clk 0:43:18]} Qxd6 {[%clk 0:28:43]} 26. Qc5 {[%clk
0:42:55]} Qf4 {[%clk 0:19:04]} 27. Re7 {[%clk 0:42:34]} b6 {[%clk 0:17:03]} 28.
Qc2 {[%clk 0:42:40]} Rc7 {[%clk 0:16:04]} 29. Rde1 {[%clk 0:42:47]} Qd6 {[%clk
0:14:50]} 30. Qe4 {[%clk 0:40:59]} Kh7 {[%clk 0:11:27]} 31. Rxc7 {[%clk
0:40:42]} Qxc7 {[%clk 0:11:55]} 32. Qe8 {[%clk 0:41:04]} Qd6 {[%clk 0:08:49]}
33. Qe7 {[%clk 0:40:19]} Qb8 {[%clk 0:07:32]} 34. Qxf7 {[%clk 0:40:37]} Qf4
{[%clk 0:06:03]} 35. Qxf8 {[%clk 0:37:57]} Qxf5+ {[%clk 0:06:15]} 36. Ka1
{[%clk 0:38:19]} Qxf2 {[%clk 0:06:35]} 37. Qe8 {[%clk 0:37:24]} Qg3 {[%clk
0:06:06]} 38. Qe4+ {[%clk 0:36:01]} Kh8 {[%clk 0:06:27]} 39. Qe3 {[%clk
0:36:04]} Qc7 {[%clk 0:06:16]} 40. Qe8+ {[%clk 0:36:18]} Kh7 {[%clk 0:06:33]}
41. Qe4+ {[%clk 0:36:42]} Kh8 {[%clk 0:06:54]} 42. Qg6 {[%clk 0:37:05]} 1-0

[Event "DVM U16w 2021"]
[Site "Berlin GER"]
[Date "2022.05.03"]
[Round "7"]
[White "Leuchsenring, Delia"]
[Black "Stowicek, Yara Mathilda"]
[Result "0-1"]
[Termination "normal"]
[Board "1.3"]
[WhiteElo "1115"]
[BlackElo "1771"]
[WhiteClock "01:08:38"]
[BlackClock "01:08:48"]
[WhiteTeam "ATSV Oberkotzau"]
[BlackTeam "USV Halle"]
[PlyCount "68"]
[WhiteFideId "34605304"]
[BlackFideId "16203569"]
[EventCountry "GER"]
[EventRounds "7"]
[EventType "team-swiss"]
[EventDate "2022.04.29"]

1. e4 {[%clk 1:30:59]} e5 {[%clk 1:30:55]} 2. Nf3 {[%clk 1:31:24]} Nc6 {[%clk
1:31:18]} 3. d4 {[%clk 1:31:48]} exd4 {[%clk 1:31:36]} 4. Nxd4 {[%clk 1:32:09]}
Qf6 {[%clk 1:31:41]} 5. Be3 {[%clk 1:31:30]} Bc5 {[%clk 1:31:43]} 6. c3 {[%clk
1:31:48]} Nge7 {[%clk 1:31:07]} 7. Be2 {[%clk 1:31:49]} O-O {[%clk 1:30:21]} 8.
O-O {[%clk 1:31:45]} Bb6 {[%clk 1:29:47]} 9. Qa4 {[%clk 1:30:14]} Qg6 {[%clk
1:22:33]} 10. Nd2 {[%clk 1:28:50]} d6 {[%clk 1:20:27]} 11. Bf3 {[%clk 1:24:40]}
Ne5 {[%clk 1:19:26]} 12. Bf4 {[%clk 1:20:49]} Nxf3+ {[%clk 1:16:20]} 13. N4xf3
{[%clk 1:20:56]} Qg4 {[%clk 1:14:25]} 14. Bg3 {[%clk 1:19:32]} h5 {[%clk
1:13:09]} 15. h3 {[%clk 1:18:09]} Qxg3 {[%clk 1:12:06]} 16. Nd4 {[%clk
1:16:57]} Qg6 {[%clk 1:12:04]} 17. Kh1 {[%clk 1:16:13]} f5 {[%clk 1:09:17]} 18.
Qc4+ {[%clk 1:12:50]} Kh8 {[%clk 1:08:50]} 19. Rae1 {[%clk 1:12:23]} fxe4
{[%clk 1:08:35]} 20. Rxe4 {[%clk 1:11:19]} d5 {[%clk 1:08:30]} 21. Qe2 {[%clk
1:10:51]} dxe4 {[%clk 1:08:41]} 22. Nxe4 {[%clk 1:10:52]} Bxd4 {[%clk 1:08:11]}
23. cxd4 {[%clk 1:11:05]} Nd5 {[%clk 1:08:14]} 24. h4 {[%clk 1:09:37]} Nf4
{[%clk 1:07:10]} 25. Qf3 {[%clk 1:09:17]} Bg4 {[%clk 1:07:26]} 26. Qe3 {[%clk
1:09:02]} Nxg2 {[%clk 1:07:20]} 27. Qg3 {[%clk 1:08:19]} Qxe4 {[%clk 1:07:38]}
28. Kg1 {[%clk 1:07:45]} Nf4 {[%clk 1:07:40]} 29. f3 {[%clk 1:07:30]} Ne2+
{[%clk 1:07:20]} 30. Kh2 {[%clk 1:07:30]} Nxg3 {[%clk 1:07:45]} 31. Kxg3 {[%clk
1:07:48]} Rxf3+ {[%clk 1:08:03]} 32. Rxf3 {[%clk 1:07:58]} Qxf3+ {[%clk
1:08:29]} 33. Kh2 {[%clk 1:08:18]} Bh3 {[%clk 1:08:48]} 34. Kg1 {[%clk
1:08:38]} Qg2# 0-1

[Event "DVM U16w 2021"]
[Site "Berlin GER"]
[Date "2022.05.03"]
[Round "7"]
[White "Derling, Charlotte"]
[Black "Köppel, Clementine"]
[Result "1-0"]
[Termination "normal"]
[Board "1.4"]
[WhiteElo "1464"]
[BlackElo "1178"]
[WhiteClock "00:11:50"]
[BlackClock "00:14:14"]
[WhiteTeam "USV Halle"]
[BlackTeam "ATSV Oberkotzau"]
[PlyCount "60"]
[WhiteFideId "16222237"]
[BlackFideId "34605819"]
[EventCountry "GER"]
[EventRounds "7"]
[EventType "team-swiss"]
[EventDate "2022.04.29"]

1. e4 {[%clk 1:30:56]} e5 {[%clk 1:30:56]} 2. Nf3 {[%clk 1:31:17]} Nf6 {[%clk
1:31:19]} 3. Nxe5 {[%clk 1:31:18]} d6 {[%clk 1:31:39]} 4. Nf3 {[%clk 1:31:37]}
Nxe4 {[%clk 1:31:57]} 5. d4 {[%clk 1:31:30]} d5 {[%clk 1:32:17]} 6. Bd3 {[%clk
1:30:36]} Nc6 {[%clk 1:30:36]} 7. O-O {[%clk 1:25:17]} Nf6 {[%clk 1:27:57]} 8.
Bg5 {[%clk 1:17:38]} Be7 {[%clk 1:21:03]} 9. Re1 {[%clk 1:14:40]} O-O {[%clk
1:19:24]} 10. h3 {[%clk 1:10:28]} Be6 {[%clk 1:14:44]} 11. c3 {[%clk 1:08:05]}
a5 {[%clk 1:11:18]} 12. Qc2 {[%clk 1:05:10]} g6 {[%clk 1:05:40]} 13. Nbd2
{[%clk 0:57:33]} Qd6 {[%clk 1:01:14]} 14. Ne5 {[%clk 0:54:47]} Rfe8 {[%clk
0:53:20]} 15. Ndf3 {[%clk 0:48:52]} Bd7 {[%clk 0:44:57]} 16. Re3 {[%clk
0:39:15]} Rad8 {[%clk 0:37:12]} 17. Rae1 {[%clk 0:35:56]} Be6 {[%clk 0:33:28]}
18. Bf4 {[%clk 0:30:59]} Nxe5 {[%clk 0:29:42]} 19. dxe5 {[%clk 0:30:53]} Qd7
{[%clk 0:30:03]} 20. exf6 {[%clk 0:30:58]} Bxf6 {[%clk 0:30:22]} 21. Nd4 {[%clk
0:28:36]} Bxd4 {[%clk 0:28:34]} 22. cxd4 {[%clk 0:28:48]} c6 {[%clk 0:26:59]}
23. Bg5 {[%clk 0:27:48]} Rb8 {[%clk 0:26:40]} 24. Bf6 {[%clk 0:26:25]} Ra8
{[%clk 0:24:20]} 25. Qd2 {[%clk 0:25:27]} Qd6 {[%clk 0:19:19]} 26. Be5 {[%clk
0:24:53]} Qe7 {[%clk 0:19:01]} 27. Rg3 {[%clk 0:22:23]} Qh4 {[%clk 0:17:58]}
28. Rf3 {[%clk 0:17:46]} Rf8 {[%clk 0:16:38]} 29. Bf6 {[%clk 0:17:08]} Qh5
{[%clk 0:15:00]} 30. Qf4 {[%clk 0:11:50]} Rae8 {[%clk 0:14:14]} 1-0

[Event "DVM U16w 2021"]
[Site "Berlin GER"]
[Date "2022.05.03"]
[Round "7"]
[White "Orlova, Alicia"]
[Black "Fischer, Darja"]
[Result "1/2-1/2"]
[Termination "normal"]
[Board "2.1"]
[WhiteElo "1723"]
[BlackElo "1675"]
[WhiteClock "01:00:08"]
[BlackClock "00:39:35"]
[WhiteTeam "Schachgemeinschaft Porz e. V. 1"]
[BlackTeam "Karlsruher SF 1853"]
[PlyCount "49"]
[WhiteFideId "34154563"]
[BlackFideId "16240898"]
[EventCountry "GER"]
[EventRounds "7"]
[EventType "team-swiss"]
[EventDate "2022.04.29"]

1. e4 {[%clk 1:30:58]} c6 {[%clk 1:30:58]} 2. d4 {[%clk 1:31:23]} d5 {[%clk
1:31:25]} 3. exd5 {[%clk 1:31:38]} cxd5 {[%clk 1:31:51]} 4. Bd3 {[%clk
1:32:02]} Nc6 {[%clk 1:32:13]} 5. c3 {[%clk 1:32:16]} Nf6 {[%clk 1:32:33]} 6.
Nf3 {[%clk 1:32:33]} g6 {[%clk 1:32:38]} 7. Bf4 {[%clk 1:32:00]} Bg7 {[%clk
1:33:01]} 8. Na3 {[%clk 1:31:27]} a6 {[%clk 1:33:03]} 9. Qc1 {[%clk 1:30:49]}
O-O {[%clk 1:31:29]} 10. Bh6 {[%clk 1:30:34]} Bg4 {[%clk 1:25:17]} 11. Ne5
{[%clk 1:29:10]} Qc7 {[%clk 1:20:36]} 12. Nxg4 {[%clk 1:26:11]} Nxg4 {[%clk
1:20:58]} 13. Bxg7 {[%clk 1:26:26]} Kxg7 {[%clk 1:21:20]} 14. h3 {[%clk
1:23:40]} Nf6 {[%clk 1:21:25]} 15. O-O {[%clk 1:23:24]} Rac8 {[%clk 1:21:09]}
16. Re1 {[%clk 1:19:49]} Nh5 {[%clk 1:18:47]} 17. Nc2 {[%clk 1:18:45]} Nf4
{[%clk 1:15:30]} 18. Bf1 {[%clk 1:18:26]} e6 {[%clk 1:06:30]} 19. g3 {[%clk
1:16:38]} Nh5 {[%clk 1:06:51]} 20. Ne3 {[%clk 1:16:51]} Nf6 {[%clk 1:06:01]}
21. Ng4 {[%clk 1:14:14]} Nxg4 {[%clk 1:05:06]} 22. hxg4 {[%clk 1:14:35]} Rh8
{[%clk 1:03:40]} 23. Bh3 {[%clk 1:06:13]} b5 {[%clk 0:53:11]} 24. Qd2 {[%clk
1:02:43]} a5 {[%clk 0:39:35]} 25. f4 {[%clk 1:00:08]} 1/2-1/2

[Event "DVM U16w 2021"]
[Site "Berlin GER"]
[Date "2022.05.03"]
[Round "7"]
[White "Haug, Mara"]
[Black "Ramien, Hannah"]
[Result "1/2-1/2"]
[Termination "normal"]
[Board "2.2"]
[WhiteElo "1394"]
[BlackElo "1338"]
[WhiteClock "00:01:59"]
[BlackClock "00:01:39"]
[WhiteTeam "Karlsruher SF 1853"]
[BlackTeam "Schachgemeinschaft Porz e. V. 1"]
[PlyCount "77"]
[WhiteFideId "16259300"]
[BlackFideId "16209982"]
[EventCountry "GER"]
[EventRounds "7"]
[EventType "team-swiss"]
[EventDate "2022.04.29"]

1. e4 {[%clk 1:30:57]} e5 {[%clk 1:30:55]} 2. Nc3 {[%clk 1:31:21]} Nf6 {[%clk
1:31:19]} 3. g3 {[%clk 1:31:43]} Bc5 {[%clk 1:31:41]} 4. Bg2 {[%clk 1:32:05]}
O-O {[%clk 1:32:01]} 5. Nge2 {[%clk 1:32:05]} c6 {[%clk 1:31:31]} 6. Na4 {[%clk
1:22:58]} Be7 {[%clk 1:16:28]} 7. O-O {[%clk 1:18:01]} d5 {[%clk 1:13:29]} 8.
exd5 {[%clk 1:16:37]} cxd5 {[%clk 1:13:48]} 9. d4 {[%clk 1:15:43]} e4 {[%clk
1:07:12]} 10. Be3 {[%clk 1:10:08]} b6 {[%clk 1:00:35]} 11. b3 {[%clk 1:04:58]}
Ba6 {[%clk 0:57:11]} 12. Nb2 {[%clk 0:58:49]} Qc7 {[%clk 0:56:47]} 13. Qd2
{[%clk 0:47:47]} Nbd7 {[%clk 0:50:55]} 14. Rfc1 {[%clk 0:42:00]} Ba3 {[%clk
0:49:22]} 15. Rab1 {[%clk 0:42:11]} Bxe2 {[%clk 0:42:32]} 16. Qxe2 {[%clk
0:41:57]} Qc3 {[%clk 0:42:33]} 17. Na4 {[%clk 0:39:10]} Qc6 {[%clk 0:42:21]}
18. Re1 {[%clk 0:35:52]} Rac8 {[%clk 0:39:44]} 19. c3 {[%clk 0:21:26]} b5
{[%clk 0:37:16]} 20. Nc5 {[%clk 0:20:08]} Nxc5 {[%clk 0:36:26]} 21. dxc5 {[%clk
0:20:23]} Bxc5 {[%clk 0:36:49]} 22. Bxc5 {[%clk 0:19:50]} Qxc5 {[%clk 0:37:13]}
23. Rbc1 {[%clk 0:19:22]} Rfd8 {[%clk 0:27:08]} 24. Bh3 {[%clk 0:16:19]} Rc7
{[%clk 0:27:21]} 25. Qd2 {[%clk 0:15:41]} h6 {[%clk 0:23:34]} 26. Bf5 {[%clk
0:13:09]} Qd6 {[%clk 0:21:57]} 27. Qd4 {[%clk 0:11:01]} Nd7 {[%clk 0:18:57]}
28. Bxe4 {[%clk 0:07:30]} Nf6 {[%clk 0:16:29]} 29. Bg2 {[%clk 0:07:03]} Re7
{[%clk 0:14:15]} 30. Qd3 {[%clk 0:04:45]} a6 {[%clk 0:11:51]} 31. Rxe7 {[%clk
0:04:48]} Qxe7 {[%clk 0:12:20]} 32. Rd1 {[%clk 0:04:48]} Rd7 {[%clk 0:07:33]}
33. Qf5 {[%clk 0:04:17]} Qe6 {[%clk 0:05:51]} 34. Qd3 {[%clk 0:04:12]} Kf8
{[%clk 0:04:24]} 35. Kf1 {[%clk 0:03:50]} Kg8 {[%clk 0:02:42]} 36. Re1 {[%clk
0:03:26]} Qd6 {[%clk 0:02:47]} 37. Qd4 {[%clk 0:02:56]} Qa3 {[%clk 0:01:25]}
38. Qd2 {[%clk 0:02:47]} Qc5 {[%clk 0:01:39]} 39. Re5 {[%clk 0:01:59]} 1/2-1/2

[Event "DVM U16w 2021"]
[Site "Berlin GER"]
[Date "2022.05.03"]
[Round "7"]
[White "Sinner, Joselyne"]
[Black "Kuran, Olivia"]
[Result "1-0"]
[Termination "normal"]
[Board "2.3"]
[WhiteElo "1431"]
[BlackElo "1080"]
[WhiteClock "00:03:21"]
[BlackClock "00:22:14"]
[WhiteTeam "Schachgemeinschaft Porz e. V. 1"]
[BlackTeam "Karlsruher SF 1853"]
[PlyCount "57"]
[WhiteFideId "16210387"]
[BlackFideId "16279670"]
[EventCountry "GER"]
[EventRounds "7"]
[EventType "team-swiss"]
[EventDate "2022.04.29"]

1. e4 {[%clk 1:30:57]} e5 {[%clk 1:30:54]} 2. Nf3 {[%clk 1:31:23]} Nc6 {[%clk
1:31:17]} 3. d4 {[%clk 1:31:48]} exd4 {[%clk 1:30:48]} 4. Bc4 {[%clk 1:32:05]}
Nf6 {[%clk 1:29:52]} 5. O-O {[%clk 1:32:13]} Be7 {[%clk 1:24:28]} 6. Nxd4
{[%clk 1:23:42]} Nxe4 {[%clk 1:18:39]} 7. Qg4 {[%clk 1:21:18]} Ng5 {[%clk
1:08:40]} 8. Bxg5 {[%clk 1:00:54]} Bxg5 {[%clk 1:05:58]} 9. Re1+ {[%clk
0:58:49]} Kf8 {[%clk 1:00:52]} 10. Qf3 {[%clk 0:53:27]} Qf6 {[%clk 0:57:30]}
11. Qe4 {[%clk 0:21:02]} Qe5 {[%clk 0:50:46]} 12. Qxe5 {[%clk 0:19:35]} Nxe5
{[%clk 0:50:59]} 13. Rxe5 {[%clk 0:19:55]} Bf6 {[%clk 0:49:04]} 14. Re4 {[%clk
0:14:47]} c5 {[%clk 0:46:35]} 15. Nb5 {[%clk 0:10:15]} g6 {[%clk 0:42:14]} 16.
c3 {[%clk 0:09:13]} Kg7 {[%clk 0:40:50]} 17. Nd6 {[%clk 0:08:48]} Rf8 {[%clk
0:38:26]} 18. Ne8+ {[%clk 0:08:48]} Rxe8 {[%clk 0:37:45]} 19. Rxe8 {[%clk
0:09:12]} b6 {[%clk 0:35:44]} 20. Bd5 {[%clk 0:08:33]} Rb8 {[%clk 0:35:43]} 21.
Nd2 {[%clk 0:08:21]} d6 {[%clk 0:32:42]} 22. f4 {[%clk 0:05:59]} g5 {[%clk
0:29:05]} 23. g3 {[%clk 0:05:30]} gxf4 {[%clk 0:27:28]} 24. gxf4 {[%clk
0:05:54]} Kg6 {[%clk 0:27:00]} 25. Kf2 {[%clk 0:04:06]} Kf5 {[%clk 0:26:09]}
26. Ke3 {[%clk 0:03:42]} Kg6 {[%clk 0:24:46]} 27. Rg1+ {[%clk 0:03:38]} Kh5
{[%clk 0:22:45]} 28. Ne4 {[%clk 0:03:30]} Bh4 {[%clk 0:22:14]} 29. Nxd6 {[%clk
0:03:21]} 1-0